000 01041aam a2200325 i 4500
001 768714001
003 CO-MdFUSB
005 20230131110241.0
007 ta
008 230131t2003 -usaco|| |||| 00| 0 eng d
020 _a1903689090
040 _bspa.
_aCO-MdFUSB
_cCO-MdFUSB
_dCO-MdFUSBC
_erda
041 _aeng
082 0 4 _a700
_223
_bR7774w
245 1 0 _aWestern art and the meanderings of a culture
_c/editado por Marleen Hengelaar-Rookmaaker
264 1 _aCarlisle, United Kingdom :
_bPiquant,
_c[2003]
264 4 _c© 2003
300 _a515 páginas
_c; 24 cm
336 _2rdacontent
_atexto
_btxt
337 _2rdamedia
_asin mediación
_bn
338 _2rdacarrier
_avolumen
_bnb
490 _aThe complete works of Hans R. Rookmaaker
505 _aArte occidental desde la Edad Media hasta el siglo XIX. -- El cristiano y el arte. -- Varios
563 _aPasta dura
650 1 4 _aARTE
700 _95610
_aHengelaar-Rookmaaker, Marleen ‎
_eeditor
942 _cBK
945 _aJTF-925
999 _c31921
_d31921